|
|
|
|
| LEADER |
00642nam a22001697a 4500 |
| 020 |
|
|
|a 9788131759202
|
| 082 |
|
|
|a 658
|b RAN/SE
|
| 100 |
|
|
|a Ranganatham,M
|
| 245 |
|
|
|a Security Analysis and Portfolio Management
|
| 250 |
|
|
|a 2
|
| 260 |
|
|
|a Chennai
|b Pearson
|c 2012
|
| 300 |
|
|
|a 766p.
|
| 700 |
|
|
|a Madhumathi R
|
| 942 |
|
|
|c BK
|
| 999 |
|
|
|c 4500
|d 4500
|
| 952 |
|
|
|0 0
|1 0
|4 0
|6 658_000000000000000_RAN_SE
|7 0
|8 NFIC
|9 5636
|a KUFOSSMEL
|b KUFOSSMEL
|c GEN
|d 2016-06-01
|e From KUFOS Central Library
|o 658 RAN/SE
|p 12840
|r 2016-06-01
|y BK
|
| 952 |
|
|
|0 0
|1 0
|4 0
|6 658_000000000000000_RAN_SE
|7 0
|8 NFIC
|9 10935
|a KUFOS
|b KUFOS
|c GEN
|d 2016-07-05
|o 658 RAN/SE
|p 15691
|r 2016-07-05
|w 2016-07-05
|y BK
|